000
00333nam a2200133Ia 4500
999
_c
4
_d
4
003
OSt
008
191201s2019 xx 000 0 und d
100
_a
RONHUBBARD, L
245
0
_a
Dianetics 55/ Complete Manual of Human Communication
260
_a
N. delhi
_b
Hubbard Pub
_c
2007
300
_a
343
650
_a
General Books
942
_2
ddc
_c
BK